| 000 | 01007nam a22003137a 4500 | ||
|---|---|---|---|
| 003 | CHAP | ||
| 005 | 20220817042656.0 | ||
| 008 | 971013s1965 r 00010 d | ||
| 010 | _a51855 | ||
| 011 | _a52827 | ||
| 035 | _a56977 | ||
| 040 | _cCHAP | ||
| 090 | _aFolleto 5555 | ||
| 100 | 0 | 0 |
_aRomagoza Vila, José Antonio. _999470 |
| 245 | _aSubproductos agrícolas para la alimentación del ganado ovino | ||
| 260 |
_aMadrid : _bMinisterio de Agricultura, _c1965 |
||
| 300 |
_a15 p. _b: ilus. |
||
| 490 |
_aHojas divulgadoras _v; 13-65 |
||
| 590 |
_aBATCH-UPD _b10 _c20130110 _lUCH01 _h1657 |
||
| 590 |
_aBATCH-UPD _b10 _c20130410 _lUCH01 _h1046 |
||
| 590 |
_aBATCH-UPD _b10 _c20130914 _lUCH01 _h1518 |
||
| 590 |
_aCONVERSION _b10 _c20130109 _lUCH01 _h1328 |
||
| 650 | 1 | 4 |
_aGanado lanar _xAlimentación. _945153 |
| 650 | 1 | 4 |
_aProductos agrícolas _xSubproductos. _992033 |
| 830 | 0 |
_aHojas divulgadoras _v; 13-65 |
|
| 901 | _aBK | ||
| 942 | _cFOLL | ||
| 949 |
_aFolleto 5555 _bBC _cFOLL _d-124154 _eTS1 _i56977 _si |
||
| 999 |
_c51855 _d51855 |
||